000 00421nam a2200181Ia 4500
003 GCL
008 140319s9999 xx 000 0 eng d
040 _aGCL /
_cGCL
082 0 4 _a747.79
_bl C
100 1 _aLOTT, JANE
245 1 0 _aCHAMBRES D'ENFANTS /
_cLOTT, JANE
260 _a[S.N] :
_bGRUND ،
_c1991
300 _a143 p
650 0 4 _aDESIGN
650 0 4 _aDECORATION
650 0 4 _aFURNITURE
942 _2ddc
_cBK
999 _c21021
_d21021